| 000 | 00601nam a2200193Ia 4500 | ||
|---|---|---|---|
| 020 | _a9251054037 | ||
| 040 | _cIHW | ||
| 082 | _a639 FOO 2005 A090 Or. | ||
| 245 | 0 | 0 | _aManagement techniques for elasmobranch fisheries/ |
| 260 |
_aRome : _bFood and Agriculture Organization of the United Nations, _c2005 |
||
| 300 |
_avii, 251 p. : _bill. ; _c30cm |
||
| 650 | 0 | _aShark fisheries | |
| 650 | 0 | _aElasmobranch fisheries | |
| 650 | 0 | _aSustainable fisheries | |
| 700 | 1 | _aMusick, John A | |
| 700 | 1 | _aBonfil, Ram©đn | |
| 710 | 2 | _aFood and Agriculture Organization of the United Nations | |
| 942 | _cEK | ||
| 999 |
_c15997 _d15997 |
||